000
00493nam a2200145Ia 4500
008
100204s9999 xx 000 0 und d
082
_b
24732
100
_a
देशपांडे वि. भा.
245
_a
मराठी नाट्यकोश
260
_b
"निशांत प्रकाशन , पुणे"
_c
2000
300
_a
1181+302
630
_a
मराठी नाट्यकोश
730
_a
मराठी नाट्यकोश
942
_c
BOOK
999
_c
469913
_d
469910